Czy te państwa mają wspólną granicę? - Statystyki

Ogólne statystyki
  • Ten quiz został rozwiązany 59 razy
    55 od ostatniego zresetowania
  • Średni wynik to 25 z 30
Statystyki odpowiedzi
Hint Odpowiedź % Poprawnych
Polska i Kazachstan Nie
98%
Francja i Brazylia Tak
95%
Niemcy i Dania Tak
95%
Czechy i Litwa Nie
93%
Argentyna i Chile Tak
93%
Mongolia i Rosja Tak
93%
Bośnia i Serbia Tak
93%
Chiny i Japonia Nie
90%
Australia i Indonezja Nie
90%
Korea Południowa i Japonia Nie
90%
Włochy i Austria Tak
90%
Norwegia i Finlandia Tak
90%
Ukraina i Rumunia Tak
90%
Liban i Syria Tak
90%
Indie i Nepal Tak
90%
Szwecja i Polska Nie
88%
Portugalia i Francja Nie
86%
Grecja i Albania Tak
86%
Chiny i Indie Tak
83%
Meksyk i Gwatemala Tak
83%
Maroko i Algieria Tak
83%
Węgry i Szwajcaria Nie
81%
Hiszpania i Maroko Tak
79%
Turcja i Grecja Tak
79%
Iran i Pakistan Tak
79%
Egipt i Izrael Tak
79%
Estonia i Finlandia Nie
71%
Nepal i Bangladesz Nie
71%
Francja i Holandia Tak
64%
Kanada i Francja Tak
24%
Nie znaleziono quizów pasujących do podanych kryteriów
Rozkład punktacji
Procent ludzi z każdym wynikiem
Percentyl według liczby udzielonych odpowiedzi
Twoja historia wyników
Nie rozwiązałeś tego quizu od ostatniego zresetowania